000 00238nam a2200097Ia 4500
008 230915s9999 xx 000 0 und d
050 _aQH308.2.2000
100 _aNEIL A. CAMPBELL
245 0 _aBIOLOGY:CONCEPTS AND CONNECTIONS
942 _cBK
999 _c62874
_d62874